Cristales: descubra el poder sanador, la buena fortuna y la protección
保存先:
| フォーマット: | 図書 |
|---|---|
| 言語: | スペイン語 |
| 出版事項: |
Buenos Aires
Agedit
1990
|
| シリーズ: | Revelaciones
|
| 主題: | |
| タグ: |
タグ追加
タグなし, このレコードへの初めてのタグを付けませんか!
|
MARC
| LEADER | 00000nam a2200000 a 4500 | ||
|---|---|---|---|
| 001 | UCK4072 | ||
| 003 | CL-VaPUC | ||
| 008 | 050520e19900000AG |||||||||||||||||spa|d | ||
| 020 | |a 9508460156 | ||
| 082 | 0 | 4 | |a 133.2548 |b CRI |2 21 |
| 245 | 1 | 0 | |a Cristales: descubra el poder sanador, la buena fortuna y la protección |
| 300 | |a 92 p | ||
| 942 | |c BK | ||
| 945 | |d 20050520 00:00:00 |a cmena | ||
| 260 | |a Buenos Aires |b Agedit |c 1990 | ||
| 650 | 7 | |a CRISTALES |2 CL-VaPUC |9 357403 | |
| 650 | 7 | |a SANACION |2 CL-VaPUC |9 456102 | |
| 650 | 0 | |a Fuentes de energía |9 263042 | |
| 650 | 7 | |a MEDITACION |2 CL-VaPUC |9 313094 | |
| 583 | |a last modification |c 20050520 00:00:00 |k Rodrigo Vera | ||
| 490 | 0 | |a Revelaciones | |
| 999 | |c 313045 |d 313043 | ||